| 000 | 00555nam a2200193 a 4500 | ||
|---|---|---|---|
| 001 | 265 | ||
| 003 | CDMR | ||
| 005 | 20131129134724.0 | ||
| 008 | 130130s1970||||||||||||||||||||||||||||d | ||
| 040 |
_aCDMR _bcat _cCDMR |
||
| 100 | 1 |
_aFusco, Renato de _9175 |
|
| 245 | 1 | 0 |
_aArquitectura como "mass medium" _b: notas para una semiología arquitectónica _cRenato de Fusco |
| 260 |
_aBarcelona _c1970 _bAnagrama |
||
| 300 | _a190 p. | ||
| 490 | 0 | _aArgumentos (Anagrama) | |
| 490 | 0 |
_aEnsayos y Ciencias Humanas _a14 |
|
| 650 | 0 | 4 |
_91282 _aSemiòtica |
| 942 |
_cMON _2udc |
||
| 999 |
_c265 _d265 |
||